Основы технической эстетики: учебник и практикум для вузов

Dades bibliogràfiques
Autor principal: Корнилов И. К. Иван Константинович
Sumari:В учебнике и практикуме приведены сведения об истории и теоретических основах технической эстетики, раскрыты основные направления развития эргономики. Для студентов высших учебных заведений и специалистов, интересующихся вопросами, связанными с промышленным дизайном.
Idioma:rus
Publicat: Москва, Юрайт, 2020
Edició:2-е изд., испр. и доп.
Col·lecció:Высшее образование
Matèries:
Format: MixedMaterials Llibre
KOHA link:https://koha.lib.tpu.ru/cgi-bin/koha/opac-detail.pl?biblionumber=344771

MARC

LEADER 00000nam0a2200000 4500
001 344771
005 20231102005711.0
010 |a 9785534120042 
035 |a (RuTPU)RU\TPU\book\376539 
090 |a 344771 
100 |a 20200413d2020 m y0rusy50 ca 
101 0 |a rus 
102 |a RU 
105 |a a j 001zy 
200 1 |a Основы технической эстетики  |e учебник и практикум для вузов  |f И. К. Корнилов 
205 |a 2-е изд., испр. и доп. 
210 |a Москва  |c Юрайт  |d 2020 
215 |a 158 с.  |c ил. 
225 1 |a Высшее образование 
320 |a Библиогр. в конце гл. 
330 |a В учебнике и практикуме приведены сведения об истории и теоретических основах технической эстетики, раскрыты основные направления развития эргономики. Для студентов высших учебных заведений и специалистов, интересующихся вопросами, связанными с промышленным дизайном. 
606 1 |a Техническая эстетика  |2 stltpush  |3 (RuTPU)RU\TPU\subj\60056  |9 77546 
610 1 |a учебники 
610 1 |a практикумы 
610 1 |a дизайн 
610 1 |a история 
610 1 |a композиция 
610 1 |a техника 
610 1 |a проектирование 
610 1 |a социальные аспекты 
610 1 |a эргономика 
610 1 |a антропометрические данные 
610 1 |a социотехнические системы 
610 1 |a функциональный подход 
610 1 |a инженерное проектирование 
610 1 |a производственная среда 
675 |a 62:7.05(078.5)  |v 4 
700 1 |a Корнилов  |b И. К.  |g Иван Константинович 
801 1 |a RU  |b 63413507  |c 20200413 
801 2 |a RU  |b 63413507  |c 20200625  |g RCR 
942 |c BK 
959 |a 9/20200319  |d 15  |e 349,00  |f УФ:14  |f ЧЗТЛ:1